KOHA-Header-6

کامیاب لوگوں کی دلچسپ باتیں (Record no. 13433)

000 -LEADER
fixed length control field 00305nam a22001217a 4500
020 ## - INTERNATIONAL STANDARD BOOK NUMBER
ISBN 9789695621561
082 ## - DEWEY DECIMAL CLASSIFICATION NUMBER
Classification number 158.1
100 ## - MAIN ENTRY--AUTHOR NAME
Personal name ڈیل کارنیگی
245 ## - TITLE STATEMENT
Title کامیاب لوگوں کی دلچسپ باتیں
260 ## - PUBLICATION, DISTRIBUTION, ETC. (IMPRINT)
Place of publication لاہور
Name of publisher فکشن ہاؤس
Year of publication 2011
300 ## - PHYSICAL DESCRIPTION
Number of Pages 203
942 ## - ADDED ENTRY ELEMENTS (KOHA)
Koha item type Books

No items available.

Powered by Koha